<?xml version="1.0" encoding="UTF-8"?><collection xmlns="info:lc/xmlns/marcxchange-v2"><record format="Unimarc" type="bibliographic"><leader>00731nam  2200217   450 </leader><controlfield tag="001">2191609</controlfield><controlfield tag="003">http://id.bnportugal.gov.pt/bib/porbase/2191609</controlfield><datafield ind1=" " ind2=" " tag="010"><subfield code="a">0 521 56514 6</subfield><subfield code="b">brochado</subfield><subfield code="d">compra</subfield></datafield><datafield ind1=" " ind2=" " tag="035"><subfield code="a">UNLCSH_BC_150.iso/06-07-2009/64263</subfield></datafield><datafield ind1=" " ind2=" " tag="035"><subfield code="a">UNLCSH20090112154142</subfield></datafield><datafield ind1=" " ind2=" " tag="100"><subfield code="a">20090112d2001    k  y0porb0103    ba</subfield></datafield><datafield ind1="0" ind2=" " tag="101"><subfield code="a">eng</subfield></datafield><datafield ind1=" " ind2=" " tag="102"><subfield code="a">GB</subfield></datafield><datafield ind1="1" ind2=" " tag="200"><subfield code="a">Sociolinguistics</subfield><subfield code="f">R. A. Hudson</subfield></datafield><datafield ind1=" " ind2=" " tag="205"><subfield code="a">2nd ed</subfield></datafield><datafield ind1=" " ind2=" " tag="210"><subfield code="a">Cambridge</subfield><subfield code="c">Cambridge University Press</subfield><subfield code="d">1996</subfield><subfield code="h">imp. 2001</subfield></datafield><datafield ind1=" " ind2=" " tag="215"><subfield code="a">xv, 279 p.</subfield><subfield code="c">il.</subfield><subfield code="d">23 cm</subfield></datafield><datafield ind1="2" ind2=" " tag="225"><subfield code="a">Cambridge textbooks in Linguistics</subfield><subfield code="f">general editors S. R. Anderson, e outros</subfield></datafield><datafield ind1=" " ind2=" " tag="300"><subfield code="a">Contém bibliografia e índice</subfield></datafield><datafield ind1=" " ind2=" " tag="675"><subfield code="a">81´27</subfield><subfield code="v">BN</subfield><subfield code="z">por</subfield></datafield><datafield ind1=" " ind2="1" tag="700"><subfield code="a">Hudson</subfield><subfield code="b">R. A.</subfield><subfield code="f">1939-</subfield></datafield><datafield ind1=" " ind2="0" tag="801"><subfield code="a">PT</subfield><subfield code="b">UNLCSH</subfield><subfield code="g">RPC</subfield></datafield></record></collection>